| 000 | 01088nam a22002777a 4500 | ||
|---|---|---|---|
| 003 | OSt | ||
| 005 | 20240918101054.0 | ||
| 008 | 240918b |||||||| |||| 00| 0 eng d | ||
| 020 | _a (hardcover) | ||
| 040 |
_aNUST _beng _cNUST _dNUST _erda |
||
| 050 | _aSB469 ARC | ||
| 100 |
_aThe Association review _ePublisher _qThe Association review |
||
| 245 |
_aArchitectural review : _bVolume one hundred and twenty-two July-December 1957 / _cThe Association review _hPublisher |
||
| 260 |
_bThe Association review, _c1957 |
||
| 300 |
_a286 pages+(various pagings) : _bIllustrations ; _c30 cm. |
||
| 336 |
_2rdamedia _atext _btxt |
||
| 337 |
_2rdamedia _aunmediated _bn |
||
| 338 |
_2rdamedia _avolume _bnc |
||
| 504 | _aIncludes index. | ||
| 650 | _vLandscape architecture -- Ontario -- Periodicals. | ||
| 650 | _vLandscape architecture -- Periodicals. | ||
| 650 | _vLand use -- Planning -- Periodicals | ||
| 650 | _vLandscape gardening -- Periodicals. | ||
| 700 |
_aThe Association review _ePublisher _qThe Association review |
||
| 942 |
_2lcc _cBOOKS _hSB469 ARC _kSB _mARC _n0 |
||
| 999 |
_c171030 _d171030 |
||